| 000 | 00531nam a2200181Ia 4500 | ||
|---|---|---|---|
| 001 | 20651 | ||
| 005 | 20260306172821.0 | ||
| 008 | 260306t2017||||xx |||||||||||||| ||spa|| | ||
| 041 | _aESP | ||
| 082 |
_a343.6 _bG12R |
||
| 100 |
_aGaceta Jurídica _eAUT |
||
| 245 | 0 |
_aLa responsabilidad administrativa funcional y disciplinaria: _breglas que está aplicando el Tribunal Superior de la Contraloría General |
|
| 260 | _c2017 | ||
| 300 |
_a135 páginas : _c24 cm. |
||
| 650 | _aGEN | ||
| 654 | _aCDE | ||
| 942 |
_cLIB _dJUS _fJUS _2ddc _n |
||
| 999 |
_c20651 _d20651 |
||